この区はどの都市? - Statistics

General Stats
  • This quiz has been taken 338 times
  • The average score is 85 of 110
Answer Stats
Hint Answer % Correct
品川区 6.東京都
93%
渋谷区 6.東京都
93%
淀川区 13.大阪市
92%
兵庫区 15.神戸市
92%
千代田区 6.東京都
92%
台東区 6.東京都
92%
目黒区 6.東京都
92%
世田谷区 6.東京都
92%
杉並区 6.東京都
92%
右京区/
左京区
12.京都市
91%
大宮区 4.さいたま市
91%
江戸川区 6.東京都
91%
墨田区 6.東京都
91%
江東区 6.東京都
91%
足立区 6.東京都
91%
荒川区 6.東京都
91%
練馬区 6.東京都
91%
川崎区 7.川崎市
91%
神奈川区 8.横浜市
91%
上京区/
下京区
12.京都市
90%
安芸区 16.広島市
90%
葛飾区 6.東京都
90%
文京区 6.東京都
90%
大田区 6.東京都
90%
板橋区 6.東京都
90%
天王寺区 13.大阪市
89%
東淀川区/
西淀川区
13.大阪市
89%
新宿区 6.東京都
89%
中野区 6.東京都
89%
豊島区 6.東京都
89%
阿倍野区 13.大阪市
88%
博多区 18.福岡市
88%
宮城野区 2.仙台市
88%
駿河区 9.静岡市
88%
厚別区 1.札幌市
87%
名東区 11.名古屋市
87%
山科区 12.京都市
87%
浪速区 13.大阪市
87%
浦和区 4.さいたま市
87%
住之江区 13.大阪市
86%
西成区 13.大阪市
86%
門司区 17.北九州市
86%
住吉区/
東住吉区
13.大阪市
85%
小倉北区/
小倉南区
17.北九州市
85%
此花区 13.大阪市
84%
浜名区 10.浜松市
83%
熱田区 11.名古屋市
83%
西京区 12.京都市
83%
堺区 14.堺市
83%
須磨区 15.神戸市
83%
金沢区 8.横浜市
83%
大正区 13.大阪市
82%
福島区 13.大阪市
82%
戸塚区 8.横浜市
82%
清水区 9.静岡市
82%
千種区 11.名古屋市
81%
中村区 11.名古屋市
81%
伏見区 12.京都市
81%
安佐北区/
安佐南区
16.広島市
81%
磯子区 8.横浜市
81%
保土ケ谷区 8.横浜市
80%
東成区 13.大阪市
79%
天竜区 10.浜松市
78%
手稲区 1.札幌市
76%
生野区 13.大阪市
76%
平野区 13.大阪市
76%
灘区/
東灘区
15.神戸市
76%
八幡東区/
八幡西区
17.北九州市
76%
岩槻区 4.さいたま市
76%
港北区/
港南区
8.横浜市
76%
豊平区 1.札幌市
75%
瑞穂区 11.名古屋市
75%
守山区 11.名古屋市
72%
長田区 15.神戸市
72%
稲毛区 5.千葉市
72%
葵区 9.静岡市
72%
都島区 13.大阪市
71%
垂水区 15.神戸市
71%
多摩区 7.川崎市
71%
美浜区 5.千葉市
69%
瀬谷区 8.横浜市
69%
都筑区 8.横浜市
67%
中川区 11.名古屋市
66%
花見川区 5.千葉市
66%
中原区 7.川崎市
66%
白石区 1.札幌市
65%
昭和区 11.名古屋市
64%
早良区 18.福岡市
64%
宮前区 7.川崎市
64%
幸区 7.川崎市
64%
高津区 7.川崎市
64%
麻生区 7.川崎市
64%
東山区 12.京都市
63%
戸畑区 17.北九州市
63%
西蒲区 3.新潟市
63%
城東区 13.大阪市
62%
若林区 2.仙台市
62%
見沼区 4.さいたま市
60%
佐伯区 16.広島市
59%
清田区 1.札幌市
58%
天白区 11.名古屋市
58%
若松区 17.北九州市
58%
秋葉区 3.新潟市
57%
太白区 2.仙台市
53%
江南区 3.新潟市
49%
桜区 4.さいたま市
49%
美原区 14.堺市
47%
城南区 18.福岡市
45%
若葉区 5.千葉市
41%
栄区 8.横浜市
39%
No matching quizzes found
Score Distribution
Percent of People with Each Score
Percentile by Number Answered
Your Score History
You have not taken this quiz